000 00651nam a2200253Ia 4500
001 34899
005 20240114001751.0
007 ta
008 070306s a g b000 u 346 u
040 _aCotton College,Assam
041 _a346
082 _a923.2
_bSi 86 B
100 _aSitaram, .
245 0 _aSipahi Theke Subadar /
_cSitaram.
_hTextual Documents
250 _a1st ed. /
260 _aCalcutta :
_bMitra & Ghosh publishers ,
_cNd.
300 _a166p. :
_bill ;
_c19cm .
653 _aBiography-Sitaram
653 _aG-Biography
653 _aG-Biography
942 _2ddc
_cBK
999 _c34881
_d34881